Gaming Quiz

Random Gaming or Nintendo Quiz

The Evolution of Super Mario Quiz Stats

 Plays Quiz Updated Nov 15, 2017

Score 0/8 Timer 01:30
10 Plays Today
% Correct
Super Mario Galaxy
95.7%
Super Mario Kart
95.1%
Super Mario Bros.
90.6%
Super Mario 64
90.1%
Super Mario Sunshine
85.7%
Super Mario World
85.5%
Super Mario Bros. 3
85.3%
Super Mario Bros. 2
84.2%

You're not logged in!

Compare scores with friends on all Sporcle quizzes.
OR
Log In

You Might Also Like...

Show Comments

Extras

Top Quizzes Today


Score Distribution

Your Account Isn't Verified!

In order to create a playlist on Sporcle, you need to verify the email address you used during registration. Go to your Sporcle Settings to finish the process.

Report this User

Report this user for behavior that violates our Community Guidelines.

Details: